000 00412nam a22001577a 4500
003 CEME
005 20210628203110.0
008 210120b xxu||||| |||| 00| 0 eng d
040 _c.
082 _a158 COV
100 _aCovey, Stephen- R
_9346
245 _aPur passar logo ke sat adat, sakseat ma masbat tabdele ka zaberdast asbaq
260 _aLAHORE
_bTAKHLEEQAT
_c2007
300 _a408
942 _cBK
_2ddc
999 _c572165
_d572165